Účtovné zobrazenie zásob v podvojnom účtovníctve podnikateľov diplomová práca

Salvato in:
Dettagli Bibliografici
Autore principale: Kopčeková, Silvia
Ente Autore: Fakulta hospodárskej informatiky EU. Katedra účtovníctva a audítorstva
Altri autori: Novák, Jaromír, 1978-
Natura: Libro
Lingua:slovacco
Pubblicazione: Bratislava 2010
Tags: Aggiungi Tag
Nessun Tag, puoi essere il primo ad aggiungerne!!

MARC

LEADER 00000nam$a2200000$$$4500
001 0119177
005 20240318123649.3
041 0 |a slo 
044 |a SK 
245 1 0 |a Účtovné zobrazenie zásob v podvojnom účtovníctve podnikateľov  |b diplomová práca  |c Silvia Kopčeková ; škol. Jaromír Novák 
264 1 |a Bratislava  |c 2010 
300 |a 75 s. 
100 1 |a Kopčeková, Silvia 
700 1 |a Novák, Jaromír, 1978- 
710 2 |a Fakulta hospodárskej informatiky EU. Katedra účtovníctva a audítorstva